000 00699cab a2200205 4500
001 ABS39599
008 090401t1988 xxu||||| |||| 00| 0 eng d
035 _a(Sirsi) u17659
041 _aeng
110 _aAnthony Williams and Partners
_93
245 _aHawth Theatre, Crawley
260 _c1988
350 _a0
490 _aBuilding
_v253(7562) 26 August 1988, 23-30(7)
520 _aBuilding dossier on the Hawth Theatre, Crawley, a multi-purpose arts centre whose contract was awarded on a design and build tender. Includes an elemental cost analysis.
650 _aBUILT ENVIRONMENT-BUILDING COSTS
690 _aBUILDING AND CONSTRUCTION-PROJECTS
942 _n0
948 _c04/03/1997
999 _c11710
_d11710